<?xml version="1.0" encoding="UTF-8"?>
<record
    xmlns:xsi="http://www.w3.org/2001/XMLSchema-instance"
    xsi:schemaLocation="http://www.loc.gov/MARC21/slim http://www.loc.gov/standards/marcxml/schema/MARC21slim.xsd"
    xmlns="http://www.loc.gov/MARC21/slim">

  <leader>00939nam a2200265 i 4500</leader>
  <controlfield tag="001">183390</controlfield>
  <controlfield tag="003">ES-MaACL</controlfield>
  <controlfield tag="005">20250817063136.0</controlfield>
  <controlfield tag="008">140411s1912    it |         |||| ||ita d</controlfield>
  <datafield tag="080" ind1=" " ind2=" ">
    <subfield code="a">821.133.1-992"12"</subfield>
  </datafield>
  <datafield tag="080" ind1=" " ind2=" ">
    <subfield code="a">913(5)"12"</subfield>
  </datafield>
  <datafield tag="100" ind1="1" ind2=" ">
    <subfield code="a">Polo, Marco, </subfield>
    <subfield code="d">1254-1324</subfield>
    <subfield code="e">aut</subfield>
    <subfield code="9">92864</subfield>
  </datafield>
  <datafield tag="245" ind1="1" ind2="3">
    <subfield code="a">Il milione :</subfield>
    <subfield code="b">secondo il testo della  "Crusca" reintegrato con gli altrii codici italiani / </subfield>
    <subfield code="c">Marco Polo ; a cura di Dante Olivieri</subfield>
  </datafield>
  <datafield tag="260" ind1=" " ind2=" ">
    <subfield code="a">Bari : </subfield>
    <subfield code="b">Gius. Laterza &amp; Figli, </subfield>
    <subfield code="c">1912</subfield>
  </datafield>
  <datafield tag="300" ind1=" " ind2=" ">
    <subfield code="a">317 p&#xE1;ginas ; </subfield>
    <subfield code="c">21 cm</subfield>
  </datafield>
  <datafield tag="490" ind1="1" ind2=" ">
    <subfield code="a">Scrittori d'Italia ;</subfield>
    <subfield code="v">30</subfield>
    <subfield code="9">191925</subfield>
  </datafield>
  <datafield tag="651" ind1=" " ind2="4">
    <subfield code="a">Asia-</subfield>
    <subfield code="x">Descripci&#xF3;n-</subfield>
    <subfield code="y">S.XIII</subfield>
    <subfield code="9">7825</subfield>
  </datafield>
  <datafield tag="651" ind1=" " ind2="4">
    <subfield code="a">Asia-</subfield>
    <subfield code="x">Descripci&#xF3;n-</subfield>
    <subfield code="y">S.XIV</subfield>
    <subfield code="9">7826</subfield>
  </datafield>
  <datafield tag="700" ind1="1" ind2=" ">
    <subfield code="a">Olivieri, Dante</subfield>
    <subfield code="e">pbl</subfield>
    <subfield code="9">154695</subfield>
  </datafield>
  <datafield tag="830" ind1=" " ind2="0">
    <subfield code="a">Scrittori d'Italia ;</subfield>
    <subfield code="v">30</subfield>
    <subfield code="9">191925</subfield>
  </datafield>
  <datafield tag="852" ind1="4" ind2=" ">
    <subfield code="a">ES-MaACL</subfield>
    <subfield code="c">DEPO2</subfield>
    <subfield code="j">G-3731</subfield>
  </datafield>
  <datafield tag="942" ind1=" " ind2=" ">
    <subfield code="2">udc</subfield>
    <subfield code="c">MONOGRAFIA</subfield>
    <subfield code="n">0</subfield>
  </datafield>
  <datafield tag="999" ind1=" " ind2=" ">
    <subfield code="c">183390</subfield>
    <subfield code="d">183390</subfield>
  </datafield>
  <datafield tag="952" ind1=" " ind2=" ">
    <subfield code="0">0</subfield>
    <subfield code="1">0</subfield>
    <subfield code="4">0</subfield>
    <subfield code="7">0</subfield>
    <subfield code="a">ATENEOM</subfield>
    <subfield code="b">ATENEOM</subfield>
    <subfield code="c">DEPO2</subfield>
    <subfield code="d">2014-04-11</subfield>
    <subfield code="e">SC</subfield>
    <subfield code="l">0</subfield>
    <subfield code="o">G-3731</subfield>
    <subfield code="p">1192759</subfield>
    <subfield code="r">2023-02-23 00:00:00</subfield>
    <subfield code="w">2023-02-23</subfield>
    <subfield code="y">MONOGRAFIA</subfield>
  </datafield>
</record>
